000 01076nam a2200241 a 4500
001 000038538
005 20250219170734.0
008 110316s2012 dr r 000 0 spa d
040 _aDO-SdBNP
_bspa
_cBNPHU
082 _a338.97293
_bP965e
245 0 0 _aPropuesta de estrategia nacional de desarrollo 2010-2030.
260 _aSanto Domingo :
_bMinisterio de Economía, Planificación y Desarrollo,
_c2012.
300 _a2v. ;
_c29 cm.
500 _aIncluye referencias bibliográficas y notas al pie de las páginas
500 _aA la cabeza de la portada : Estudios y documentos de base
504 _aIncluye bibliografía al final de los capítulos
590 _aInventariado, 2018/BT
651 4 _aRepública Dominicana
_xPolítica Económica
_y2010-2030
_953415
651 4 _aRepública Dominicana
_xCondiciones Económicas
_y2010-2030
_953416
651 4 _aRepública Dominicana
_xCondiciones Sociales
_y2010-2030
_953417
710 1 2 _aRepública Dominicana.
_bMinisterio de Economía, Planificación y Desarrollo
_966142
910 _aValidado. Control de calidad. MFF
999 _c38028
_d38028